| 000 | 01446cam a22003254a 4500 | ||
|---|---|---|---|
| 090 | _c0 | ||
| 001 | 12194829 | ||
| 005 | 20040707121226.0 | ||
| 008 | 001004s2001 nyua bf 001 0 eng | ||
| 010 | _a 00050002 | ||
| 020 | _a0071353941 | ||
| 040 |
_aDLC _cDLC _dDLC |
||
| 042 | _apcc | ||
| 050 | 0 | 0 |
_aTS177 _b.F326 2001 |
| 082 | 0 | 0 |
_a658.2 _221 _bFAC |
| 245 | 0 | 0 |
_aFacility design and management handbook / _cEric Teicholz, editor-in-chief. |
| 260 |
_aNew York : _bMcGraw-Hill, _c2001. |
||
| 300 |
_a1 v. (in various pagings) : _bill ; _c25 cm. _e1 computer optical disk (4 3/4 in.) |
||
| 504 | _aIncludes bibliographical references and index. | ||
| 650 | 0 | _aFacility management. | |
| 650 | 0 |
_aFactories _xDesign and construction. |
|
| 650 | 0 | _aProduction planning. | |
| 700 | 1 | _aTeicholz, Eric. | |
| 856 | 4 | 2 |
_3Contributor biographical information _uhttp://www.loc.gov/catdir/bios/mh041/00050002.html |
| 856 | 4 | 2 |
_3Publisher description _uhttp://www.loc.gov/catdir/description/mh021/00050002.html |
| 856 | 4 | 1 |
_3Table of contents _uhttp://www.loc.gov/catdir/toc/mh021/00050002.html |
| 942 |
_2ddc _cBB |
||
| 999 |
_c10563 _d10563 |
||